000
00250nam a2200097Ia 4500
008
200302s9999 xx 000 0 und d
100
_a
Frrabcusco Asensio Cerver
245
_a
Commercial Space Office, Design
260
_b
Paco Asensio
300
_a
142 P.,
999
_c
2328
_d
2328